000 01257nam a2200241 a 4500
001 000033606
003 DO-SdBNP
005 20250318153106.0
008 110901s1891 sp a 000 0 spa d
040 _aDO-SdBNP
_bspa
_cBNPHU
100 1 _aAsensio, José María
_959089
245 1 0 _aCristóbal Colón :
_bsu vida, sus viajes, sus descubrimientos /
_cpor José María Asensio.
250 _aEspléndida ed.
260 _aBarcelona :
_bEspasa y Compañía,
_c[1891].
300 _a2 v. :
_bil., col. ;
_c32 cm.
500 _aA la cabeza de tít.: Edición monumental
500 _aIlustrada con magníficas oleografías, copia de famosos cuadros de artistas españoles tales como Balaca, Cano, Jover, Madrazo, Muñoz Degrain, Ortego, Puebla, Rosales, Soler enriquecida en todas sus páginas con orlas, cabeceras y viñetas alegóricas y acompañada de una primorosa carta geográfica que detalla minuciosamente los viajes y descubrimientos llevados a cabo por el Gran Almirante
600 0 _aCOLÓN, CRISTOBAL,
_d1436-1456
_919795
600 1 4 _aCOLÓN, CRISTÓBAL
_xICONOGRAFÍA
_959090
600 3 4 _aCOLÓN, FAMILIA
_959091
651 4 _aAmérica --
_xDescubrimiento y exploración --
_xEspañoles
_9544
_vEnsayo, conferencias, etc.
942 _2ddc
_cLBS1
999 _c33097
_d33097